Thermodynamics / (Record no. 25730)
[ view plain ]
| 000 -LEADER | |
|---|---|
| fixed length control field | 01117cam a2200301 i 4500 |
| 001 - CONTROL NUMBER | |
| control field | ocn829180533 |
| 003 - CONTROL NUMBER IDENTIFIER | |
| control field | EG-ScBUE |
| 005 - DATE AND TIME OF LATEST TRANSACTION | |
| control field | 20250616133205.0 |
| 008 - FIXED-LENGTH DATA ELEMENTS--GENERAL INFORMATION | |
| fixed length control field | 130306s1956 nyua f 001 0 eng d |
| 020 ## - INTERNATIONAL STANDARD BOOK NUMBER | |
| International Standard Book Number | 048660361X |
| 020 ## - INTERNATIONAL STANDARD BOOK NUMBER | |
| International Standard Book Number | 9780486603612 |
| 040 ## - CATALOGING SOURCE | |
| Original cataloging agency | VALIL |
| Language of cataloging | eng |
| Description conventions | rda |
| Transcribing agency | VALIL |
| Modifying agency | KNOVL |
| -- | OCLCE |
| -- | ZCU |
| -- | KNOVL |
| -- | OCLCF |
| -- | COO |
| -- | KNOVL |
| -- | YDXCP |
| -- | OCLCQ |
| -- | EG-ScBUE |
| 082 04 - DEWEY DECIMAL CLASSIFICATION NUMBER | |
| Classification number | 536.7 |
| Edition number | 22 |
| Item number | FER |
| 100 1# - MAIN ENTRY--PERSONAL NAME | |
| Personal name | Fermi, Enrico, |
| Dates associated with a name | 1901-1954, |
| Relator term | author. |
| 245 10 - TITLE STATEMENT | |
| Title | Thermodynamics / |
| Statement of responsibility, etc | by Enrico Fermi. |
| 264 #1 - PUBLICATION, DISTRIBUTION, ETC. (IMPRINT) | |
| Place of publication, distribution, etc | New York : |
| Name of publisher, distributor, etc | Dover Publications, |
| Date of publication, distribution, etc | 1956. |
| 300 ## - PHYSICAL DESCRIPTION | |
| Extent | 160 pages : |
| Other physical details | illustrations ; |
| Dimensions | 18 cm |
| 336 ## - CONTENT TYPE | |
| Source | rdacontent |
| Content type term | text |
| Content type code | txt |
| 337 ## - MEDIA TYPE | |
| Media type term | unmediated |
| Source | rdamedia |
| Media type code | n |
| 338 ## - CARRIER TYPE | |
| Carrier type term | volume |
| Carrier type code | nc |
| Source | rdacarrier |
| 500 ## - GENERAL NOTE | |
| General note | Includes index. |
| 520 ## - SUMMARY, ETC. | |
| Summary, etc | In this classic of modern science, the Nobel Laureate presents a clear treatment of systems, the First and Second Laws of Thermodynamics, entropy, thermodynamic potentials, and much more. Calculus required. |
| 650 #7 - SUBJECT ADDED ENTRY--TOPICAL TERM | |
| Topical term or geographic name as entry element | Thermodynamics. |
| Source of heading or term | BUEsh |
| 9 (RLIN) | 1919 |
| 651 ## - SUBJECT ADDED ENTRY--GEOGRAPHIC NAME | |
| Source of heading or term | BUEsh |
| 653 ## - INDEX TERM--UNCONTROLLED | |
| Resource For college | Generalities |
| Arrived date list | December2017 |
| 655 ## - INDEX TERM--GENRE/FORM | |
| Form subdivision | Reading book |
| 942 ## - ADDED ENTRY ELEMENTS (KOHA) | |
| Source of classification or shelving scheme | Dewey Decimal Classification |
| Koha item type | Book - Borrowing |
| Withdrawn status | Lost status | Source of classification or shelving scheme | Damaged status | Not for loan | Home library | Current library | Shelving location | Date acquired | Source of acquisition | Total Checkouts | Full call number | Barcode | Date last seen | Price effective from | Koha item type |
|---|---|---|---|---|---|---|---|---|---|---|---|---|---|---|---|
| Dewey Decimal Classification | Central Library | Central Library | First floor | 18/12/2017 | Purchase | 536.7 FER | 000042674 | 15/07/2025 | 18/12/2017 | Book - Borrowing |